| 000 | 00427nam a2200181Ia 4500 | ||
|---|---|---|---|
| 003 | OSt | ||
| 005 | 20251028105358.0 | ||
| 008 | 250729s1957 xx 000 0 und d | ||
| 040 | _cAL | ||
| 041 | _aeng | ||
| 082 | _a301.07 UTAI | ||
| 100 |
_aUtarid W _9223471 |
||
| 245 | _aAn introduction to educational sociology | ||
| 260 |
_aTirunelvelli _c1957 |
||
| 300 | _a187p | ||
| 650 |
_aSociology _9223472 |
||
| 942 |
_2ddc _cBED |
||
| 999 |
_c235923 _d235923 |
||